C-programme / (Record no. 158722)

MARC details
000 -LEADER
fixed length control field 00572nam a22001937a 4500
005 - DATE AND TIME OF LATEST TRANSACTION
control field 20181113112647.0
010 ## - LCCN (DPL NO)
LC control number ENG-124484
020 ## - INTERNATIONAL STANDARD BOOK NUMBER
International Standard Book Number 9789387871144
Terms of availability 170.00
035 ## - SYSTEM CONTROL NUMBER
System control number EN-108016
037 ## - SOURCE OF ACQUISITION
Source of stock number/acquisition DBAD/PUB
082 ## - DEWEY DECIMAL CLASSIFICATION NUMBER
Classification number 005.133
100 ## - MAIN ENTRY--PERSONAL NAME
Personal name Selvam.S
245 ## - TITLE STATEMENT
Title C-programme /
Statement of responsibility, etc by Selvam.S [and] Usha.S
260 ## - PUBLICATION, DISTRIBUTION, ETC. (IMPRINT)
Place of publication, distribution, etc Madurai (Tamil Nadu)
Name of publisher, distributor, etc Shanlax Publications
Date of publication, distribution, etc 2018
270 ## - ADDRESS
Address 61, T.P.K. Main road, Vasantha Nagar,
City Madurai (Tamil Nadu)
Postal code 625003
300 ## - PHYSICAL DESCRIPTION
Extent 129p.
Dimensions 24cm(pbk)
700 ## - ADDED ENTRY--PERSONAL NAME
Personal name Usha.S
942 ## - ADDED ENTRY ELEMENTS (KOHA)
Source of classification or shelving scheme Dewey Decimal Classification
Item type English Books
Classification part 005.133
Call number suffix SEL
Holdings
Withdrawn status Lost status Not for loan Collection code Home library Current library Date acquired Source of acquisition Cost, normal purchase price Full call number Barcode Copy number Cost, replacement price Koha item type
    Not For Loan Non-fiction D.B.Act.Division Bawana 13/11/2018 DBAD/PUB 170.00 005.133 SEL EN-108016 1 170.00 English Books

© Delhi Public Library
Hit Counter
free hit counter